000
00171 a2200097 4500
020
_a
639277078896
041
_a
eng
100
_a
anonimo
245
_a
Baby bear
942
_c
BK
999
_c
7957
_d
7957